000 006410000a22001930004500
999 _c60142
_d60142
001 768714001
003 CO-MdFUSB
005 20170726152000.0
008 170726s1997 ag ||||| |||| 00| 0 spa d
022 _a0122-2996
040 _aCO-MdFUSB
_bspa
_cCO-MdFUSB
_dCO-MdFUSB
041 _aspa
100 1 _aWynarczyk, Hilario
_eautor
245 1 0 _aEl "avivamiento" espiritual en la Argentina en perspectiva sociológica
300 _aVolumen 29. Número 68 (1997), Páginas 7-18
_c22 cm.
546 _aTexto en español
773 0 _tBoletín Teológico
_049507
_961439
_gVolumen 29. Número 68 (1997), Páginas 7-18
_qPágina 7
942 _cANA